00922nam a2200217 a 450000500170000000800410001704000250005804100080008304400080009108200190009924500660011826000440018430000670022865000600029565000580035565000590041371000470047294200150051999900150053495201550054920160310112920.0160310b2006 -uko fr|||| 00| 0 eng d aCO-BoIAVHcCO-BoIAVH0 aeng a-uk04a333.9516bU56w00aUNEP world Conservation Monitoring Centrebannual report 2005 aCambridge (Reino Unido) :bUNEP,c2005. a16 páginas :bfotografías a color ;c30 x 21 centímetros 6aBiodiversidadxconservaciónvInformes, reportes, etc. 6aBiodiversidadxevaluaciónvInformes, reportes, etc. 6aMedio ambientexevaluaciónvInformes, reportes, etc.2 aUNEP World Conservation Monitoring Centre. cLIBRO2ddc c5985d5985 00102ddc40708GENERALIINV2017aBogotabBogotad2007-12-06l0oLB-333.9516 U56wp025573r2012-12-04 00:00:00tEj.1w2012-12-04xDonaciónyFolleto